|
|
|
|
| LEADER |
00000nam0a2200000 4500 |
| 001 |
110903 |
| 005 |
20231031120615.0 |
| 035 |
|
|
|a (RuTPU)RU\TPU\book\119765
|
| 090 |
|
|
|a 110903
|
| 100 |
|
|
|a 20070303d1970 km y0rusy50 ca
|
| 101 |
0 |
|
|a rus
|
| 102 |
|
|
|a RU
|
| 105 |
|
|
|a a z 001zy
|
| 200 |
1 |
|
|a Диффузия и случайные процессы
|f Н. Н. Туницкий
|g Академия наук СССР (АН СССР), Сибирское отделение (СО), Институт катализа им. Г. К. Борескова (ИК)
|
| 210 |
|
|
|a Новосибирск
|c Наука
|d 1970
|
| 215 |
|
|
|a 116 с.
|c ил.
|
| 320 |
|
|
|a Библиография в конце глав.
|
| 610 |
1 |
|
|a диффузия
|
| 610 |
1 |
|
|a случайные процессы
|
| 610 |
1 |
|
|a математические исследования
|
| 610 |
1 |
|
|a столкновения
|
| 610 |
1 |
|
|a уравнения
|
| 610 |
1 |
|
|a теория
|
| 610 |
1 |
|
|a хроматография
|
| 610 |
1 |
|
|a траектории
|
| 610 |
1 |
|
|a применение
|
| 675 |
|
|
|a 532.7
|v 3
|
| 700 |
|
1 |
|a Туницкий
|b Н. Н.
|g Николай Николаевич
|
| 712 |
0 |
2 |
|a Академия наук СССР (АН СССР)
|b Сибирское отделение (СО)
|b Институт катализа им. Г. К. Борескова (ИК)
|c (Новосибирск)
|2 stltpush
|3 (RuTPU)RU\TPU\col\11571
|
| 801 |
|
1 |
|a RU
|b 63413507
|c 20070303
|g PSBO
|
| 801 |
|
2 |
|a RU
|b 63413507
|c 20210208
|g PSBO
|
| 942 |
|
|
|c BK
|